Materials science of thin films (Record no. 352)

000 -LEADER
fixed length control field 00566nam a22002174a 4500
001 - CONTROL NUMBER
control field 352
003 - CONTROL NUMBER IDENTIFIER
control field BD-DhUET
008 - FIXED-LENGTH DATA ELEMENTS--GENERAL INFORMATION
fixed length control field 010328s2002 caua b 001 0 eng
020 ## - INTERNATIONAL STANDARD BOOK NUMBER
International Standard Book Number 9780125249850
020 ## - INTERNATIONAL STANDARD BOOK NUMBER
International Standard Book Number 9789381269534
040 ## - CATALOGING SOURCE
Original cataloging agency DLC
Transcribing agency 0
Modifying agency BD-DhUET
082 00 - DEWEY DECIMAL CLASSIFICATION NUMBER
Classification number 623.8152
Item number OHR/2002
100 ## - MAIN ENTRY--PERSONAL NAME
Personal name Ohring, Milton
245 10 - TITLE STATEMENT
Title Materials science of thin films
Remainder of title deposition and structure
250 ## - EDITION STATEMENT
Edition statement 2nd ed.
260 ## - PUBLICATION, DISTRIBUTION, ETC. (IMPRINT)
Place of publication, distribution, etc. New Delhi
Name of publisher, distributor, etc. Academic Press
Date of publication, distribution, etc. 2002
300 ## - PHYSICAL DESCRIPTION
Extent xxi, 794 p.
Other physical details
504 ## - BIBLIOGRAPHY, ETC. NOTE
Bibliography, etc Includes bibliographies
650 #0 - SUBJECT ADDED ENTRY--TOPICAL TERM
Topical term or geographic name as entry element Thin films
942 ## - ADDED ENTRY ELEMENTS (KOHA)
Koha item type General Book
Holdings
Price effective from Koha date last seen Koha full call number Withdrawn status Koha issues (times borrowed) Koha date last borrowed Sublocation or collection (holding branch) Location (home branch) Shelving location Damaged status Koha out on loan Koha normalized classification for sorting Copy number Date acquired Koha item type Not for loan Lost status Piece designation (barcode) Source of classification or shelving scheme
2014-07-202014-07-20623.8152/OHR/2002   Central Library, BUETCentral Library, BUETCirculation section  623_000000000000000_8152OHR20012014-07-20General Book  111604 
2016-10-022024-06-12623.8152/OHR/2002 12023-11-08Central Library, BUETCentral Library, BUETCirculation section  623_815200000000000_OHR_200222016-06-18General Book  114734 
2016-10-022024-01-13623.8152/OHR/2002 12024-01-13Central Library, BUETCentral Library, BUETCirculation section 2025-01-12623_815200000000000_OHR_200232016-06-18General Book  114735 
2018-09-222018-09-22623.8152/OHR/2002   Central Library, BUETCentral Library, BUETReading section  623_815200000000000_OHR_200242018-06-27General Book  116652